Super Mario Bros. All characters - Statistics

General Stats
  • This quiz has been taken 144 times
  • The average score is 9 of 22
Answer Stats
Hint Answer % Correct
PlayableCharacters Mario
100%
Playable Characters Luigi
99%
Supporting character Peach
91%
Boss Bowser
90%
Boss Fake Bowser
90%
Supporting character Toad
87%
Ennemy Goomba
80%
Ennemy Lakitu
32%
Ennemy Piranha Plant
31%
Ennemy Hammer Bro
27%
Ennemy Bullet Bill
26%
Ennemy Spiny
26%
Ennemy Buzzy Beetle
20%
Ennemy Blooper
17%
Ennemy Cheep-Cheep (Red)
15%
Ennemy Koopa Paratroopa (Red)
15%
Ennemy Koopa Troopa (Red)
15%
Ennemy
Koopa
Paratroopa (Green)
14%
Ennemy Koopa Troopa (Green)
14%
Ennemy Cheep-Cheep (Gray)
4%
Ennemy Podoboo
4%
Ennemy Spiny's Egg
3%
No matching quizzes found
Score Distribution
Percent of People with Each Score
Percentile by Number Answered
Your Score History
You have not taken this quiz